Нечистая сила: роман

Bibliographische Detailangaben
1. Verfasser: Пикуль В. С. Валентин Саввич
Zusammenfassung:Исключено из фонда НТБ ТПУ
Sprache:Russisch
Veröffentlicht: Тула, Голос, 1991
Format: Buch
KOHA link:https://koha.lib.tpu.ru/cgi-bin/koha/opac-detail.pl?biblionumber=83404

MARC

LEADER 00000nam0a2200000 4500
001 83404
005 20231101213307.0
010 |a 5867140016 
035 |a (RuTPU)RU\TPU\book\89653 
035 |a RU\TPU\book\89366 
090 |a 83404 
100 |a 20051017d1987 m y0rusy50 ca 
101 0 |a rus 
102 |a RU 
105 |a y z 000ay 
200 1 |a Нечистая сила  |e роман  |f В. С. Пикуль 
210 |a Тула  |c Голос  |c Пересвет  |d 1991 
215 |a 720 с. 
333 |a Исключено из фонда НТБ ТПУ 
700 1 |a Пикуль  |b В. С.  |c русский писатель  |f 1928-1990  |g Валентин Саввич  |9 1449 
801 1 |a RU  |b 63413507  |c 20031121  |g PSBO 
801 2 |a RU  |b 63413507  |c 20220602  |g PSBO 
942 |c BK